000 00304nam a22001337a 4500
008 170413b xxu||||| |||| 00| 0 eng d
020 _a9780894804311
041 _aeng
080 _a612.39
100 _a10
101 _aSHM
245 _aCONTROLLING YOUR FAT TOOTH
_cPISCATELLA, J.C
942 _2udc
_cBK
999 _c10652
_d10652